Nuevas dimensiones de la integración : (Record no. 107032)

MARC details
000 -CABECERA
campo de control de longitud fija 00863nam a2200241 a 4500
005 - FECHA Y HORA DE LA ÚLTIMA TRANSACCIÓN
campo de control 20240912063800.0
008 - ELEMENTOS DE LONGITUD FIJA--INFORMACIÓN GENERAL
campo de control de longitud fija 040927s1999 mx r 000 0 spa d
020 ## - NÚMERO INTERNACIONAL NORMALIZADO PARA LIBROS
Número Internacional Estándar del Libro 9706543325
020 ## - NÚMERO INTERNACIONAL NORMALIZADO PARA LIBROS
Número Internacional Estándar del Libro 9688566888
035 ## - NÚMERO DE CONTROL DEL SISTEMA
Número de control de sistema UPN01000134881
049 ## - COLECCIÓN
Colección CG
050 #4 - SIGNATURA TOPOGRÁFICA DE LA BIBLIOTECA DEL CONGRESO
Número de clasificación HF1481
Número de documento/Ítem N8.3
245 00 - MENCIÓN DE TÍTULO
Título Nuevas dimensiones de la integración :
Resto del título del TLCAN al regionalismo hemisférico /
Mención de responsabilidad, etc. coord. Germán A. de la Reza.
260 ## - PUBLICACIÓN, DISTRIBUCIÓN, ETC.
Lugar de publicación, distribución, etc. México :
Nombre del editor, distribuidor, etc. UAM-Iztapalapa, División de Ciencias Sociales y Humanidades :
-- Plaza y Valdés,
Fecha de publicación, distribución, etc. 1999.
300 ## - DESCRIPCIÓN FÍSICA
Extensión 257, [12] p.
440 #0 - MENCIÓN DE SERIE/ASIENTO SECUNDARIO--TÍTULO
Título CSH
630 04 - ASIENTO SECUNDARIO DE MATERIA - TÍTULO UNIFORME
Título uniforme Tratado de libre comercio entre México, Estados Unidos y Canadá
Fecha de la firma de un tratado (1994)
9 (RLIN) 2531
650 #4 - ASIENTO SECUNDARIO DE MATERIA - TERMINO TEMATICO
Término de materia o nombre geográfico como elemento de entrada Comercio exterior
Subdivisión general Regulación
Subdivisión geográfica México
9 (RLIN) 9843
650 #4 - ASIENTO SECUNDARIO DE MATERIA - TERMINO TEMATICO
Término de materia o nombre geográfico como elemento de entrada TRATADOS COMERCIALES
9 (RLIN) 14299
700 1# - ASIENTO SECUNDARIO--NOMBRE DE PERSONAL
Nombre de persona Reza, Germán A. de la,
Término indicativo de función/relación coord.
905 ## - TIPO DE MATERIAL
Tipo de material Libro
Holdings
Estado de retiro Estado de pérdida Fuente del sistema de clasificación o colocación Estado dañado No para préstamo Código de colección Localización permanente Ubicación/localización actual Ubicación en estantería Total de préstamos Clasificación Código de barras Fecha visto por última vez Número de copia Tipo de ítem Koha
    Library of Congress Classification     Colección General Bib. Gregorio Torres Quintero Bib. Gregorio Torres Quintero Planta baja 2 HF1481 N8.3 197284 31/12/2020 1 Libro